000
00325nam a22001457a 4500
008
221108b ||||| |||| 00| 0 eng d
020
_a
0470265868
041
_a
eng
080
_a
159.9
082
_a
159.9 NIL
100
_a
25
101
_a
PSI
245
_a
PERSPECTIVES ON MEMORY RESEARCH
_c
NILSSON L
942
_2
udc
_c
BK
999
_c
58787
_d
58787